[Event "Kuala Lumpur UM KPT op"]
[Site "Kuala Lumpur"]
[Date "2016.12.16"]
[Round "1"]
[White "Leong, Qing Ling"]
[Black "Azman Hisham, Mohd Nabil"]
[Result "0-1"]
[WhiteElo "1110"]
[BlackElo "1968"]
[PlyCount "100"]
[EventDate "2016.12.16"]
[EventType "swiss"]
[EventRounds "9"]
[EventCountry "MAS"]
[SourceTitle "CBM 176 Extra"]
[Source "ChessBase"]
[SourceDate "2017.03.02"]
[SourceVersion "1"]
[SourceVersionDate "2017.03.02"]
[SourceQuality "1"]

1. d4 d5 2. Nf3 Nf6 3. e3 Bf5 4. Be2 h6 5. Nbd2 Nc6 6. a3 e6 7. 0-0 Be7 8. b4 Ne4 9. Bb2 Nd6 10. Re1 a6 11. c4 b5 12. cxd5 exd5 13. Rc1 Qd7 14. Ne5 Nxe5 15. dxe5 Nc4 16. Nxc4 dxc4 17. Qxd7+ Bxd7 18. Red1 Bc6 19. Bg4 0-0 20. Bd7 Be4 21. f3 Bd3 22. Bc6 Rab8 23. Be4 Bxe4 24. fxe4 c5 25. Bc3 cxb4 26. axb4 Rfd8 27. Rxd8+ Rxd8 28. Rb1 Rd3 29. Bd4 c3 30. Kf2 c2 31. Rc1 Rd2+ 32. Kf3 Bxb4 33. Bb2 a5 34. h3 a4 35. g4 a3 36. Ba1 Rd1 37. Rxc2 Rxa1 38. h4 a2 39. Rf2 Bc3 40. Kf4 b4 41. Kf5 b3 42. e6 g6+ 43. Kf4 fxe6 44. h5 Rg1 45. Rxa2 bxa2 46. hxg6 a1Q 47. e5 Qf1+ 48. Ke4 Qc4+ 49. Kf3 Qxg4+ 50. Kf2 Qg2# 0-1